| 000 | 00671nam a2200157 i 4500 | ||
|---|---|---|---|
| 001 | 103071 | ||
| 003 | ES-MaACL | ||
| 005 | 20230906183248.0 | ||
| 007 | t| | ||
| 008 | 060110q17901799sp ||||1| spa d | ||
| 245 | 0 | 0 |
_aCartas críticas periódicas dedicadas a la Facultad de Medicina y a toda clase de gentes _b: carta primera, en la que se da una idea general de todas las obras del doctor D. Guillermo Cullen... con una imparcialidad crítica de su falso sistema. |
| 260 |
_a[Madrid] : _ben la imprenta de Josef Herrera, _c[179-?] |
||
| 300 |
_a16 p. ; _c20 cm. |
||
| 600 | 1 | 4 |
_aCullen, William. _942144 |
| 852 |
_aES-MaACL _jR-3431(13) |
||
| 999 |
_c103071 _d103071 |
||